<?xml version="1.0" encoding="UTF-8"?>
<record
    xmlns:xsi="http://www.w3.org/2001/XMLSchema-instance"
    xsi:schemaLocation="http://www.loc.gov/MARC21/slim http://www.loc.gov/standards/marcxml/schema/MARC21slim.xsd"
    xmlns="http://www.loc.gov/MARC21/slim">

  <leader>03594nam a2200349 i 4500</leader>
  <controlfield tag="001">000019774</controlfield>
  <controlfield tag="003">DO-SdBNP</controlfield>
  <controlfield tag="005">20251031082552.0</controlfield>
  <controlfield tag="007">ta</controlfield>
  <controlfield tag="008">100706s1979    cr      r     000 0 spa d</controlfield>
  <datafield tag="040" ind1=" " ind2=" ">
    <subfield code="a">DO-SdBNP</subfield>
    <subfield code="b">spa</subfield>
    <subfield code="c">BNPHU</subfield>
    <subfield code="e">rda</subfield>
  </datafield>
  <datafield tag="041" ind1=" " ind2=" ">
    <subfield code="a">spa</subfield>
  </datafield>
  <datafield tag="082" ind1=" " ind2="4">
    <subfield code="a">301.098 </subfield>
    <subfield code="b">C749d</subfield>
    <subfield code="2">22</subfield>
  </datafield>
  <datafield tag="111" ind1="1" ind2=" ">
    <subfield code="a">Congreso Latinoamericano de Sociolog&#xED;a </subfield>
    <subfield code="n">(13 :</subfield>
    <subfield code="d">1974 :</subfield>
    <subfield code="9">42241</subfield>
    <subfield code="c">Costa Rica)</subfield>
  </datafield>
  <datafield tag="245" ind1="1" ind2="0">
    <subfield code="a">Debates sobre la teor&#xED;a de la dependencia y la sociolog&#xED;a latinoamericana /</subfield>
    <subfield code="c">selecci&#xF3;n, introducci&#xF3;n y  notas, Daniel Camacho ; G&#xE9;rard-Pierre Charles, y otros.</subfield>
  </datafield>
  <datafield tag="264" ind1=" " ind2="4">
    <subfield code="a">San Jos&#xE9;, Costa Rica :</subfield>
    <subfield code="b">Editorial Universitaria Centroamericana (EDUCA),</subfield>
    <subfield code="c">&#xA9;1979.</subfield>
  </datafield>
  <datafield tag="300" ind1=" " ind2=" ">
    <subfield code="a">3767 p&#xE1;ginas ;</subfield>
    <subfield code="c">17 cm.</subfield>
  </datafield>
  <datafield tag="336" ind1=" " ind2=" ">
    <subfield code="a">texto</subfield>
    <subfield code="b">txt</subfield>
    <subfield code="2">rdacontent </subfield>
  </datafield>
  <datafield tag="337" ind1=" " ind2=" ">
    <subfield code="a">sin mediaci&#xF3;n </subfield>
    <subfield code="b">n</subfield>
    <subfield code="2">rdamedia </subfield>
  </datafield>
  <datafield tag="338" ind1=" " ind2=" ">
    <subfield code="a">volumen  </subfield>
    <subfield code="b">nc</subfield>
    <subfield code="2">rdacarrier </subfield>
  </datafield>
  <datafield tag="490" ind1="0" ind2=" ">
    <subfield code="a">Colecci&#xF3;n seis</subfield>
  </datafield>
  <datafield tag="500" ind1=" " ind2=" ">
    <subfield code="a">Incluye referencias bibliogr&#xE1;ficas y notas al pie de las p&#xE1;ginas.</subfield>
  </datafield>
  <datafield tag="505" ind1=" " ind2=" ">
    <subfield code="a">Presentaci&#xF3;n /</subfield>
    <subfield code="r">Daniel Camacho --</subfield>
    <subfield code="t">Interpretaciones te&#xF3;ricas de la sociedad latinoamericana / </subfield>
    <subfield code="r">Daniel Camacho Monge</subfield>
    <subfield code="t">Teor&#xED;a de la dependencia, teor&#xED;a del imperialismo y conocimiento de la realidad social latinoamericana /</subfield>
    <subfield code="r"> G&#xE9;rard Pierre-Charles --</subfield>
    <subfield code="t">Problemas y perspectivas de la teor&#xED;a de la dependencia / </subfield>
    <subfield code="r">Agust&#xED;n Cueva --</subfield>
    <subfield code="t">Post scriptum a "Dependencia y desarrollo en Am&#xE9;rica Latina" / </subfield>
    <subfield code="r">Fernando H. Cardoso y Enzo Faletto --</subfield>
    <subfield code="t">&#xBF;Adi&#xF3;s a la teor&#xED;a de la dependencia? / </subfield>
    <subfield code="r">Jos&#xE9; Luis de Imaz --</subfield>
    <subfield code="t">La contribuci&#xF3;n del desarrollo /</subfield>
    <subfield code="r">Mar&#xED;a Guadalupe Acevedo --</subfield>
    <subfield code="t">Unidad de la sociolog&#xED;a latinoamericana / </subfield>
    <subfield code="r">Daniel Camacho --</subfield>
    <subfield code="t">Am&#xE9;rica Latina: la evoluci&#xF3;n de las cr&#xED;ticas a las ciencias sociales / </subfield>
    <subfield code="r">Pablo Gonz&#xE1;lez Casanova --</subfield>
    <subfield code="t">Notas para una reconsideraci&#xF3;n de la historia del pensamiento social latinoamericano /</subfield>
    <subfield code="r">Ignacio Sotelo --</subfield>
    <subfield code="t">La sociolog&#xED;a en Am&#xE9;rica Latina americana de 25 a&#xF1;os / </subfield>
    <subfield code="r">Rolando Franco --</subfield>
    <subfield code="t">Evaluaci&#xF3;n de algunos estudios latinoamericanos sobre comunicaci&#xF3;n masiva / </subfield>
    <subfield code="r">Hugo Assmann --</subfield>
    <subfield code="t">Introducci&#xF3;n: los aportes nacionales al desarrollo de la sociolog&#xED;a latinoamericana / </subfield>
    <subfield code="r">Daniel Camacho --</subfield>
    <subfield code="t">Cuatro precursores del pensamiento cr&#xED;tico en Argentina, 1890-1930 / </subfield>
    <subfield code="r">Sergio Bag&#xFA; --</subfield>
    <subfield code="t">Cr&#xED;tica y autocr&#xED;tica de la raz&#xF3;n extraviada (un cuarto de siglo de sociolog&#xED;a argentina / </subfield>
    <subfield code="r">Francisco Delich --</subfield>
    <subfield code="t">Sociolog&#xED;a y sociedad en Brasil (1945-1973) / </subfield>
    <subfield code="r">Octavio Ianni --</subfield>
    <subfield code="t">El desarrollo de la sociolog&#xED;a en Chile / </subfield>
    <subfield code="r">Hern&#xE1;n Godoy Urz&#xFA;a --</subfield>
    <subfield code="t">Los rasgos de la sociolog&#xED;a cr&#xED;tica en M&#xE9;xico / </subfield>
    <subfield code="r">Manuel Villa Aguilera --</subfield>
    <subfield code="t">25 a&#xF1;os de sociolog&#xED;a uruguaya / </subfield>
    <subfield code="r">Carlos Filgueira --</subfield>
    <subfield code="t">Bolivia: la revoluci&#xF3;n democr&#xE1;tica de 1952 y las tendencias sociol&#xF3;gicas emergentes / </subfield>
    <subfield code="r">Ren&#xE9; Zavaleta --</subfield>
    <subfield code="t">Proceso a la sociolog&#xED;a peruana / </subfield>
    <subfield code="r">Mariano Valderrama --</subfield>
    <subfield code="t">Notas para el estudio de la trayectoria del an&#xE1;lisis social en Puerto Rico con base en el desarrollo de las clases sociales y sus conflictos (1880-1933) / </subfield>
    <subfield code="r">&#xC1;ngel Quintero --</subfield>
    <subfield code="t">Colonialismo y ciencia social en Guatemala / </subfield>
    <subfield code="r">Carlos Guzm&#xE1;n B&#xF6;ckler --</subfield>
    <subfield code="t">Rodrigo Facio: aspectos de una reflexi&#xF3;n sobre el desarrollo nacional / </subfield>
    <subfield code="r">Jos&#xE9; Luis Vega --
</subfield>
  </datafield>
  <datafield tag="650" ind1=" " ind2="7">
    <subfield code="a">Sociolog&#xED;a</subfield>
    <subfield code="z">Am&#xE9;rica Latina </subfield>
    <subfield code="9">1061</subfield>
    <subfield code="x">Historia </subfield>
    <subfield code="v">Congresos, conferencias, etc.</subfield>
    <subfield code="2">LEMB</subfield>
  </datafield>
  <datafield tag="650" ind1=" " ind2="7">
    <subfield code="a">Imperialismo</subfield>
    <subfield code="v">Congresos, conferencias, etc.</subfield>
    <subfield code="9">87747</subfield>
  </datafield>
  <datafield tag="650" ind1=" " ind2="4">
    <subfield code="a">Dependencia de paises extranjeros</subfield>
    <subfield code="9">42243</subfield>
  </datafield>
  <datafield tag="651" ind1=" " ind2="0">
    <subfield code="a">Am&#xE9;rica Latina </subfield>
    <subfield code="x"> Relaciones econ&#xF3;micas exteriores </subfield>
    <subfield code="9">4092</subfield>
    <subfield code="v">Congresos, conferencias, etc.</subfield>
  </datafield>
  <datafield tag="700" ind1="1" ind2=" ">
    <subfield code="a">Camacho, Daniel</subfield>
    <subfield code="9">42244</subfield>
  </datafield>
  <datafield tag="700" ind1="1" ind2=" ">
    <subfield code="a">Pierre-Charles, G&#xE9;rard.</subfield>
    <subfield code="9">41080</subfield>
  </datafield>
  <datafield tag="910" ind1=" " ind2=" ">
    <subfield code="a">Validado. Control de calidad MFF</subfield>
  </datafield>
  <datafield tag="942" ind1=" " ind2=" ">
    <subfield code="2">ddc</subfield>
    <subfield code="c">LBS1</subfield>
  </datafield>
  <datafield tag="952" ind1=" " ind2=" ">
    <subfield code="0">0</subfield>
    <subfield code="1">0</subfield>
    <subfield code="2">ddc</subfield>
    <subfield code="5">6</subfield>
    <subfield code="7">0</subfield>
    <subfield code="8">GR</subfield>
    <subfield code="a">BNPHU</subfield>
    <subfield code="b">BNPHU</subfield>
    <subfield code="c">HD</subfield>
    <subfield code="d">2010-07-06</subfield>
    <subfield code="l">0</subfield>
    <subfield code="o">BNPHU GR 301.098 C749d</subfield>
    <subfield code="p">19774-10</subfield>
    <subfield code="r">2020-06-25</subfield>
    <subfield code="w">2020-06-25</subfield>
    <subfield code="y">LBS1</subfield>
    <subfield code="Z">Pr&#xE9;stamo en sala</subfield>
  </datafield>
  <datafield tag="999" ind1=" " ind2=" ">
    <subfield code="c">19288</subfield>
    <subfield code="d">19288</subfield>
  </datafield>
</record>
